| 000 | 01308nam a2200289Ia 4500 | ||
|---|---|---|---|
| 003 | data | ||
| 005 | 20260322212015.0 | ||
| 008 | data | ||
| 020 | _a096220224X | ||
| 020 | _a9780962202247 | ||
| 040 |
_aXBM _cXBM _dOUN |
||
| 096 | _aWM 450.5 O2 K84L 1993 | ||
| 100 | 1 |
_aKorb-Khalsa, Kathy L., _d1958- |
|
| 245 | 1 | 0 |
_aLife management skills I : _breproducible activity handouts created for facilitators / _cKathy L. Korb-Khalsa, Stacey D. Azok & Estelle A. Leutenberg. |
| 260 |
_aBeachwood, Ohio : _bWellness Reproductions, Inc., _cc1989. |
||
| 300 |
_a50 [i.e. 100] p. : _bill. ; _c28 cm. |
||
| 500 | _a"A copyright-free sampler collection of-- assertion, discharge planning, emotion identification, exercise, goal setting, leisure, motivation, nutrition, problem solving, risk taking, role satisfaction, self-awareness, self-esteem, sleep, stress management, support systems, time management, values clarification." | ||
| 500 | _aPages numbered on back only. | ||
| 504 | _aIncludes bibliographical references and index. | ||
| 650 | 0 | _aOccupational therapy. | |
| 650 | 0 |
_aLife skills _xActivity programs. |
|
| 650 | 0 |
_aSelf-management (Psychology) _xActivity programs. |
|
| 650 | 0 |
_aSelf-help techniques _xActivity programs. |
|
| 700 | 1 | _aAzok, Stacey D. | |
| 700 | 1 | _aLeutenberg, Estelle A. | |
| 001 | data | ||
| 999 |
_c336 _d336 |
||